Statistics for Restless Earth - Volcano Case Study

Click here to take the quiz!

General Stats

  • This quiz has been taken 10 times
  • The average score is 4 of 14

Answer Stats

HintAnswer% Correct
How many people died as a result of the eruption?19
57%
What is the Capital city of Montserrat called?Plymouth
57%
Which government funded a 3 year redevelopment plan?UK
57%
Where were residents evacuated to?North of the Island
43%
What percentage of homes were lost on the South of the Island?60%
29%
How much aid was send from the UK? (In British Pounds)17 million
14%
When did the volcano erupt?1995-1997
14%
How was the capital affected?Ash and Lava
14%
Many skilled workers left the island, leaving many unskilled workers behind - what is this known as?Brain Drain
14%
US troops and which Navy were sent to help with the evacuation?British Navy
14%
Which Tectonic Plates were involved?Carribean, North and South American
14%
Where is Montserrat located?Carribean Sea
14%
Where was the exclusion zone set up?South of the island
14%
Many residents left the island, where did they fled to?Antigua, USA and UK
0%

Score Distribution

Percentile by Number Answered

Percent of People with Each Score

Your Score History

You have not taken this quiz